000 00522nam a2200121Ia 4500
008 220615s9999||||xx |||||||||||||| ||und||
100 _aPopov, Valentin L.||Heß, Markus||Willert, Emanuel
245 0 _aHandbook of Contact Mechanics
_bExact Solutions of Axisymmetric Contact Problems
546 _aEnglish[eng]
650 _aEngineering||Mechanics||Mechanics, Applied||Mechanics||Applied mathematics||Engineering mathematics
856 _uhttps://library.oapen.org/bitstream/20.500.12657/23291/1/1006864.pdf
942 _cEB
999 _c17647
_d17647